| 000 | 00434nam a2200157Ia 4500 | ||
|---|---|---|---|
| 008 | 210210b1993 xxu||||| |||| 00| 0 eng d | ||
| 020 | _a0397446314 | ||
| 082 | _a616.01 MIMM | ||
| 100 | _aMIMS (Cedric A) and others. | ||
| 245 | _aMedical microbiology. | ||
| 260 |
_aLondon _bMOsby-Year Book Europe Limited, _c1993 |
||
| 300 | _avii,39.18,xi | ||
| 650 | _aMedical Microbiology | ||
| 690 | _aMedical Microbiology | ||
| 906 | _a050996 | ||
| 999 |
_c99742 _d99742 |
||